University Home | Library Home | Institutional Repository

Red locust in Northern Rhodesia. (Record no. 62456)

MARC details
000 -LEADER
fixed length control field 00530cam7a220020500 4500
001 - CONTROL NUMBER
control field tmp15769772
003 - CONTROL NUMBER IDENTIFIER
control field UPRA
005 - DATE AND TIME OF LATEST TRANSACTION
control field 20190815101103.0
008 - FIXED-LENGTH DATA ELEMENTS--GENERAL INFORMATION
fixed length control field 951024s1963 za eng u
035 ## - SYSTEM CONTROL NUMBER
System control number (Sirsi) r76320
035 ## - SYSTEM CONTROL NUMBER
System control number (UPRA)tmp15769772
040 ## - CATALOGING SOURCE
Transcribing agency UPRA
100 1# - MAIN ENTRY--PERSONAL NAME
Personal name Wilson, K. J.
Linkage A36392.1
245 10 - TITLE STATEMENT
Title Red locust in Northern Rhodesia.
260 ## - PUBLICATION, DISTRIBUTION, ETC.
Place of publication, distribution, etc. Mount Makulu,
Date of publication, distribution, etc. 1963.
500 ## - GENERAL NOTE
General note Cyclostyled.
650 #0 - SUBJECT ADDED ENTRY--TOPICAL TERM
Topical term or geographic name entry element Red locust.
Linkage S1421.1
949 ## - LOCAL PROCESSING INFORMATION (OCLC)
a (O2) 1963/12
w lcc
m MAIN
t BOOK
l ON-SHELF

No items available.

© 2026 - The University of Zambia Library - Koha v25.11